| 000 -LEADER |
| fixed length control field |
00834nam a22001817a 4500 |
| 005 - DATE AND TIME OF LATEST TRANSACTION |
| control field |
20251204134905.0 |
| 008 - FIXED-LENGTH DATA ELEMENTS--GENERAL INFORMATION |
| fixed length control field |
251204b ||||| |||| 00| 0 eng d |
| 020 ## - INTERNATIONAL STANDARD BOOK NUMBER |
| International Standard Book Number |
9780753477847 |
| 040 ## - CATALOGING SOURCE |
| Transcribing agency |
KH8 |
| 082 ## - DEWEY DECIMAL CLASSIFICATION NUMBER |
| Classification number |
621.8 JAC |
| 100 ## - MAIN ENTRY--PERSONAL NAME |
| Personal name |
Jacoby,Jenny |
| Relator term |
Author |
| 245 ## - TITLE STATEMENT |
| Title |
MACHINES |
| Remainder of title |
Technology is all around you! |
| 300 ## - PHYSICAL DESCRIPTION |
| Extent |
45 pages |
| Other physical details |
colour illustration |
| Dimensions |
23 cm x 27 cm |
| 520 ## - SUMMARY, ETC. |
| Summary, etc. |
Throughout human history, humans have been making tools and machines, from the simple to highly complex, to help us make the most of the world around us and use them to our benefit. Discover more with Everyday STEM Technology: Machines. Explore a world full of natural forces and innovation. From the first tools used in the Stone Age to the machines of the future. |
| 650 ## - SUBJECT ADDED ENTRY--TOPICAL TERM |
| Topical term or geographic name entry element |
Juvenile Fiction |
| 655 ## - INDEX TERM--GENRE/FORM |
| Genre/form data or focus term |
Non Fiction |
| 942 ## - ADDED ENTRY ELEMENTS (KOHA) |
| Source of classification or shelving scheme |
|
| Koha item type |
Books - Non Ficton |